| 000 | 00615nam a2200193Ia 4500 | ||
|---|---|---|---|
| 003 | IN-BaIIA | ||
| 008 | 211028s9999 xx 000 0 eng d | ||
| 040 | _cIIA Library | ||
| 080 |
_a083.7:621.93.09 _bISI |
||
| 110 | _aIndian Standards Institution | ||
| 245 | 0 |
_aIndian standard test chart for power hacksaw machines (up to 300mm round bar capacity) _cIndian Standards Institution |
|
| 260 |
_aNew Delhi _bIndian Standards Institution _c1966 |
||
| 300 | _a6p. | ||
| 500 | _aIS 3405 : 1966 | ||
| 650 |
_a Hakshaw Machine-Standards _99344 |
||
| 650 | _a Standards | ||
| 650 | _aNASA Thesaurus | ||
| 942 | _cBK | ||
| 999 |
_c5360 _d5360 |
||